LEADER 00889nam a2200217 i 4500 001 000000145872 003 CaOOAMICUS 005 20051210000000.0 008 051210s1971 it u000 u fre u 013 $a121264 040 $aSeMil$bita 100 1 $aDurrwell, François-Xavier,$d<1912- >.$0(OLS)http://semarc/name/19664 245 12$aL'Eucharistie présence du Christ /$cF. X. Durrwell. 260 $aParis :$bLes éditions ouvrières,$ccopyr. 1971. 300 $a79 p. ;$c18 cm. 650 4$aEucaristia - Presenza reale.$0(OLS)http://semarc/subject/4560 850 $aSeMil 852 $aSeMil$W1$xVenegono$y1$m660 359 *$j98594$B98594$CSeMilBibl$Z2$F106818 $81 961 $aRecupero: Biblioteca Seminario Saronno 996 $6245$aL'Eucharistie présence du Christ$9(OLS)http://semarc/title/213275 996 $6260$aParis :$bLes éditions ouvrières$9(OLS)http://semarc/publisher/30144 LEADER 01193nam a2200241 i 4500 001 000000184677 003 CaOOAMICUS 005 20100115000000.0 008 100115s1961 sp u000 u spa u 013 $a162659 040 $aSeMil$bita 245 14$aLas grandes religiones no cristianas hoy existentes. El cristianismo /$cRamon Valdes del Toro. 260 $aMadrid :$bBiblioteca de autores cristianos,$c1961. 300 $a759 p. ;$c20 cm. 490 0 $aBiblioteca de autores cristianos 700 1 $aValdes del Toro, Ramon.$0(OLS)http://semarc/name/67855 700 1 $aKönig, Franz,$c.$0(OLS)http://semarc/name/3947 773 0 $aKönig, Franz $tCristo y las Religiones de la Tierra.$dMadrid : Biblioteca de autores cristianos, [19--?]$g3$w()22751 830 0$aBiblioteca de autores cristianos.$0(OLS)http://semarc/title/428 850 $aSeMil 852 $aSeMil$W1$xVenegono$y1$m2S V 109$j135372$B135372$CSeMilBibl$Z2$F146927 $81 996 $6245$aLas grandes religiones no cristianas hoy existentes. El cristianismo$9(OLS)http://semarc/title/265161 996 $6260$aMadrid :$bBiblioteca de autores cristianos$9(OLS)http://semarc/publisher/29784